Guess The Restaraunt! #2 - Statistics

General Stats
  • This quiz has been taken 56 times
  • The average score is 17 of 20
Answer Stats
Picture Answer % Correct
Olive Garden
98%
The Cheesecake Factory
98%
Five Guys
94%
Arby's
92%
Chili's
92%
White Castle
88%
IHOP
86%
Panera
86%
Bubba Gump
84%
Denny's
84%
Hardees
84%
Popeyes
84%
Hooters
82%
Jersey Mikes
82%
Whataburger
80%
Ben & Jerrys
78%
El Pollo Loco
76%
Tim Hortons
76%
TGI Fridays
65%
Quiznos
61%
No matching quizzes found
Score Distribution
Percent of People with Each Score
Percentile by Number Answered
Your Score History
You have not taken this quiz